Представление документа в формате MARC21

Поле Инд. ПП Название Значение
Тип записи a
Библиографический уровень b
001 Контрольный номер RU/IS/BASE/470770689
005 Дата корректировки 20200630193235.2
008 Кодируемые данные 20141201
040 b Код языка каталог. rus
e Правила каталог. PSBO
041 0_ a Код языка текста rus
084 a Индекс другой классификации/Индекс ББК 65.012.13; 65.011.33
100 1_ a Автор Тарануха Ю. В.
245 10 a Заглавие Конкурентное поведение фирмы в условиях гиперконкуренции
520 a Аннотация Исследуется поведенческая парадигма фирмы, вызванной переходом к гиперконкуренции. На основе анализа изменений в современной конкуренции автор показывает, что происходит переход к новой форме конкурентной борьбы - борьбе за рыночное лидерство. Анализируя особенности этой формы борьбы, автор раскрывает принципы поведения фирмы и способы борьбы за лидерство.
650 a Основная рубрика теория фирмы
a Основная рубрика экономика
a Основная рубрика экономическая теория
653 a Ключевые слова бизнес-лидерство
a Ключевые слова борьба за лидерство
a Ключевые слова гиперконкуренция
a Ключевые слова жизненный цикл конкуренции
a Ключевые слова интеллектуальный капитал
a Ключевые слова конкурентная борьба
a Ключевые слова конкурентное поведение предприятия
a Ключевые слова конкурентоспособность предприятия
a Ключевые слова конкуренция
a Ключевые слова микроэкономика
a Ключевые слова рыночная экономика
a Ключевые слова теория менеджмента
a Ключевые слова устойчивое конкурентное преимущество
a Ключевые слова устойчивое развитие предприятия
a Ключевые слова финансовая устойчивость
a Ключевые слова экономика предприятия
a Ключевые слова экономические риски
773 0_ t Заглавие источника Менеджмент в России и за рубежом
d Дата издания источника 2014
g Прочая информация № 2. - С. 22 - 30 : табл.
w Контрольный № источника RU/IS/BASE/450978579
901 t Тип документа b